[Event "DVM U20 2023"]
[Site "Magdeburg GER"]
[Date "2023.12.29"]
[Round "5"]
[White "Pivtorak, Illia"]
[Black "Avdic, Faris"]
[Result "0-1"]
[Termination "normal"]
[Board "2.5"]
[WhiteElo "1684"]
[BlackElo "2197"]
[WhiteClock "00:01:04"]
[BlackClock "00:52:41"]
[WhiteTeam "SK König Plauen"]
[BlackTeam "Hamburger SK 1830"]
[PlyCount "86"]
[WhiteFideId "14194317"]
[BlackFideId "14422328"]
[EventCountry "GER"]
[EventRounds "7"]
[EventType "team-swiss"]
[EventDate "2023.12.26"]

1. d4 {[%clk 01:30:42]} {[%emt 00:00:17]} Nf6 {[%clk 01:30:52]} {[%emt
00:00:07]} 2. c4 {[%clk 01:30:49]} {[%emt 00:00:26]} c5 {[%clk 01:31:15]}
{[%emt 00:00:06]} 3. d5 {[%clk 01:31:05]} {[%emt 00:00:15]} b5 {[%clk
01:31:38]} {[%emt 00:00:07]} 4. cxb5 {[%clk 01:31:08]} {[%emt 00:00:25]} a6
{[%clk 01:31:56]} {[%emt 00:00:12]} 5. b6 {[%clk 01:31:20]} {[%emt 00:00:20]}
e6 {[%clk 01:32:18]} {[%emt 00:00:07]} 6. Nc3 {[%clk 01:31:15]} {[%emt
00:00:36]} Nxd5 {[%clk 01:32:28]} {[%emt 00:00:20]} 7. Nxd5 {[%clk 01:31:26]}
{[%emt 00:00:19]} exd5 {[%clk 01:32:51]} {[%emt 00:00:06]} 8. Qxd5 {[%clk
01:31:43]} {[%emt 00:00:13]} Nc6 {[%clk 01:33:13]} {[%emt 00:00:08]} 9. Nf3
{[%clk 01:31:41]} {[%emt 00:00:31]} Rb8 {[%clk 01:33:29]} {[%emt 00:00:14]} 10.
e4 {[%clk 01:31:33]} {[%emt 00:00:39]} Be7 {[%clk 01:33:49]} {[%emt 00:00:10]}
11. Bc4 {[%clk 01:31:46]} {[%emt 00:00:17]} O-O {[%clk 01:34:09]} {[%emt
00:00:10]} 12. O-O {[%clk 01:31:58]} {[%emt 00:00:18]} Rxb6 {[%clk 01:34:28]}
{[%emt 00:00:10]} 13. b3 {[%clk 01:29:24]} {[%emt 00:03:06]} d6 {[%clk
01:34:11]} {[%emt 00:00:46]} 14. Bb2 {[%clk 01:29:28]} {[%emt 00:00:26]} Be6
{[%clk 01:29:44]} {[%emt 00:04:57]} 15. Qd3 {[%clk 01:29:04]} {[%emt 00:00:54]}
a5 {[%clk 01:29:52]} {[%emt 00:00:21]} 16. Rfe1 {[%clk 01:04:14]} {[%emt
00:25:20]} Bg4 {[%clk 01:14:50]} {[%emt 00:15:33]} 17. Rad1 {[%clk 00:47:35]}
{[%emt 00:17:07]} Qa8 {[%clk 01:08:42]} {[%emt 00:06:38]} 18. Qe3 {[%clk
00:32:45]} {[%emt 00:15:20]} Be6 {[%clk 00:57:40]} {[%emt 00:11:31]} 19. Bd5
{[%clk 00:29:31]} {[%emt 00:03:45]} Qd8 {[%clk 00:57:19]} {[%emt 00:00:52]} 20.
e5 {[%clk 00:28:01]} {[%emt 00:01:59]} Bxd5 {[%clk 00:53:45]} {[%emt 00:04:04]}
21. Rxd5 {[%clk 00:24:10]} {[%emt 00:04:22]} Nb4 {[%clk 00:53:45]} {[%emt
00:00:31]} 22. exd6 {[%clk 00:23:12]} {[%emt 00:01:26]} Rxd6 {[%clk 00:50:40]}
{[%emt 00:03:35]} 23. Rxc5 {[%clk 00:17:55]} {[%emt 00:05:48]} Nd3 {[%clk
00:50:25]} {[%emt 00:00:43]} 24. Qxe7 {[%clk 00:01:47]} {[%emt 00:16:39]} Qxe7
{[%clk 00:50:45]} {[%emt 00:00:10]} 25. Rxe7 {[%clk 00:02:09]} {[%emt
00:00:09]} Nxc5 {[%clk 00:51:11]} {[%emt 00:00:04]} 26. g3 {[%clk 00:02:03]}
{[%emt 00:00:35]} Rc8 {[%clk 00:51:02]} {[%emt 00:00:40]} 27. Ne5 {[%clk
00:01:06]} {[%emt 00:01:26]} Rd1+ {[%clk 00:49:47]} {[%emt 00:01:45]} 28. Kg2
{[%clk 00:01:27]} {[%emt 00:00:10]} Nd3 {[%clk 00:50:12]} {[%emt 00:00:04]} 29.
Nxd3 {[%clk 00:00:34]} {[%emt 00:01:23]} Rxd3 {[%clk 00:50:40]} {[%emt
00:00:02]} 30. Rb7 {[%clk 00:00:33]} {[%emt 00:00:32]} Rd2 {[%clk 00:50:55]}
{[%emt 00:00:15]} 31. Bc3 {[%clk 00:00:38]} {[%emt 00:00:25]} Rxa2 {[%clk
00:51:18]} {[%emt 00:00:07]} 32. b4 {[%clk 00:01:01]} {[%emt 00:00:08]} h6
{[%clk 00:51:17]} {[%emt 00:00:30]} 33. Be5 {[%clk 00:01:23]} {[%emt 00:00:09]}
Rcc2 {[%clk 00:50:26]} {[%emt 00:01:21]} 34. Bd4 {[%clk 00:01:46]} {[%emt
00:00:06]} Rc4 {[%clk 00:50:41]} {[%emt 00:00:14]} 35. Bc5 {[%clk 00:00:59]}
{[%emt 00:01:18]} Rb2 {[%clk 00:50:59]} {[%emt 00:00:11]} 36. Rb8+ {[%clk
00:01:07]} {[%emt 00:00:24]} Kh7 {[%clk 00:51:27]} {[%emt 00:00:01]} 37. Bd6
{[%clk 00:01:00]} {[%emt 00:00:37]} axb4 {[%clk 00:51:40]} {[%emt 00:00:16]}
38. Rb7 {[%clk 00:01:05]} {[%emt 00:00:26]} Kg6 {[%clk 00:51:39]} {[%emt
00:00:31]} 39. h4 {[%clk 00:01:12]} {[%emt 00:00:23]} h5 {[%clk 00:51:42]}
{[%emt 00:00:26]} 40. Be5 {[%clk 00:01:10]} {[%emt 00:00:33]} Re2 {[%clk
00:51:35]} {[%emt 00:00:36]} 41. Rb6+ {[%clk 00:01:33]} {[%emt 00:00:09]} f6
{[%clk 00:51:56]} {[%emt 00:00:08]} 42. Bf4 {[%clk 00:00:45]} {[%emt 00:01:17]}
Rcc2 {[%clk 00:52:17]} {[%emt 00:00:09]} 43. Be3 {[%clk 00:01:04]} {[%emt
00:00:11]} Rxe3 {[%clk 00:52:41]} {[%emt 00:00:06]} 0-1

[Event "DVM U20 2023"]
[Site "Magdeburg GER"]
[Date "2023.12.29"]
[Round "5"]
[White "Klaas, Heiko"]
[Black "Bühring, Marwin"]
[Result "1-0"]
[Termination "normal"]
[Board "2.6"]
[WhiteElo "1878"]
[BlackElo "1427"]
[WhiteClock "00:26:04"]
[BlackClock "00:56:11"]
[WhiteTeam "Hamburger SK 1830"]
[BlackTeam "SK König Plauen"]
[PlyCount "39"]
[WhiteFideId "16215940"]
[BlackFideId "16281985"]
[EventCountry "GER"]
[EventRounds "7"]
[EventType "team-swiss"]
[EventDate "2023.12.26"]

1. e4 {[%clk 01:30:55]} {[%emt 00:00:03]} c5 {[%clk 01:30:57]} {[%emt
00:00:04]} 2. Nc3 {[%clk 01:31:15]} {[%emt 00:00:10]} e6 {[%clk 01:31:24]}
{[%emt 00:00:04]} 3. Nf3 {[%clk 01:30:53]} {[%emt 00:00:52]} Nc6 {[%clk
01:31:50]} {[%emt 00:00:04]} 4. d4 {[%clk 01:31:09]} {[%emt 00:00:13]} cxd4
{[%clk 01:32:16]} {[%emt 00:00:05]} 5. Nxd4 {[%clk 01:31:32]} {[%emt 00:00:08]}
Qc7 {[%clk 01:32:43]} {[%emt 00:00:02]} 6. g3 {[%clk 01:30:58]} {[%emt
00:01:05]} a6 {[%clk 01:30:29]} 7. Bg2 {[%clk 01:30:58]} Nf6 {[%clk 01:30:29]}
{[%emt 00:03:43]} 8. O-O {[%clk 01:30:56]} Nxd4 {[%clk 01:29:43]} {[%emt
00:01:47]} 9. Qxd4 {[%clk 01:31:17]} {[%emt 00:00:08]} Bc5 {[%clk 01:30:06]}
{[%emt 00:00:08]} 10. Bf4 {[%clk 01:31:12]} {[%emt 00:00:33]} d6 {[%clk
01:30:21]} {[%emt 00:00:17]} 11. Qd2 {[%clk 01:31:24]} {[%emt 00:00:17]} h6
{[%clk 01:30:20]} {[%emt 00:00:32]} 12. Rad1 {[%clk 01:31:25]} {[%emt
00:00:29]} e5 {[%clk 01:30:34]} {[%emt 00:00:16]} 13. Be3 {[%clk 01:31:38]}
{[%emt 00:00:17]} Bb4 {[%clk 01:30:31]} {[%emt 00:00:32]} 14. Nb5 {[%clk
01:30:38]} {[%emt 00:01:30]} axb5 {[%clk 01:30:08]} {[%emt 00:00:54]} 15. Qxb4
{[%clk 01:30:58]} {[%emt 00:00:09]} Rxa2 {[%clk 01:30:26]} {[%emt 00:00:12]}
16. Rxd6 {[%clk 01:29:23]} {[%emt 00:02:06]} O-O {[%clk 01:30:48]} {[%emt
00:00:08]} 17. Rd2 {[%clk 00:35:54]} {[%emt 00:53:59]} Be6 {[%clk 01:00:35]}
{[%emt 00:30:42]} 18. Bc5 {[%clk 00:29:50]} {[%emt 00:06:34]} Qc6 {[%clk
00:59:11]} {[%emt 00:01:54]} 19. Bxf8 {[%clk 00:27:50]} {[%emt 00:02:29]} Qc4
{[%clk 00:56:11]} {[%emt 00:03:32]} 20. b3 {[%clk 00:26:04]} {[%emt 00:02:16]}
1-0

[Event "DVM U20 2023"]
[Site "Magdeburg GER"]
[Date "2023.12.29"]
[Round "5"]
[White "Lohr, Maximilian"]
[Black "Sohr, Jim"]
[Result "1/2-1/2"]
[Termination "normal"]
[Board "3.1"]
[WhiteElo "2061"]
[BlackElo "1979"]
[WhiteClock "00:08:46"]
[BlackClock "00:01:25"]
[WhiteTeam "FC Ergolding 1932"]
[BlackTeam "SV Königsjäger Süd-West"]
[PlyCount "77"]
[WhiteFideId "12999717"]
[BlackFideId "16245105"]
[EventCountry "GER"]
[EventRounds "7"]
[EventType "team-swiss"]
[EventDate "2023.12.26"]

1. d4 {[%clk 01:30:58]} {[%emt 00:00:01]} d5 {[%clk 01:30:53]} {[%emt
00:00:08]} 2. c4 {[%clk 01:31:23]} {[%emt 00:00:05]} c6 {[%clk 01:30:58]}
{[%emt 00:00:25]} 3. Nc3 {[%clk 01:31:32]} {[%emt 00:00:22]} Nf6 {[%clk
01:31:21]} {[%emt 00:00:07]} 4. Nf3 {[%clk 01:31:56]} {[%emt 00:00:05]} dxc4
{[%clk 01:31:43]} {[%emt 00:00:08]} 5. e3 {[%clk 01:32:21]} {[%emt 00:00:04]}
Bf5 {[%clk 01:25:28]} {[%emt 00:06:46]} 6. Bxc4 {[%clk 01:32:25]} {[%emt
00:00:25]} e6 {[%clk 01:24:51]} {[%emt 00:01:08]} 7. O-O {[%clk 01:30:36]}
{[%emt 00:02:18]} Be7 {[%clk 01:21:50]} {[%emt 00:03:31]} 8. Qe2 {[%clk
01:26:49]} {[%emt 00:04:17]} O-O {[%clk 01:16:13]} {[%emt 00:06:06]} 9. e4
{[%clk 01:25:46]} {[%emt 00:01:33]} Bg6 {[%clk 01:16:28]} {[%emt 00:00:14]} 10.
a4 {[%clk 01:25:30]} {[%emt 00:00:47]} Nbd7 {[%clk 01:14:49]} {[%emt 00:02:09]}
11. Rd1 {[%clk 01:24:56]} {[%emt 00:01:04]} Re8 {[%clk 01:06:00]} {[%emt
00:09:18]} 12. h3 {[%clk 01:17:53]} {[%emt 00:07:34]} a6 {[%clk 00:57:20]}
{[%emt 00:09:10]} 13. Nh4 {[%clk 01:10:50]} {[%emt 00:07:33]} Bxe4 {[%clk
00:44:40]} {[%emt 00:13:11]} 14. Nxe4 {[%clk 01:06:42]} {[%emt 00:04:38]} Nxe4
{[%clk 00:44:58]} {[%emt 00:00:13]} 15. Nf3 {[%clk 01:06:24]} {[%emt 00:00:47]}
Nef6 {[%clk 00:41:58]} {[%emt 00:03:31]} 16. Ne5 {[%clk 01:01:53]} {[%emt
00:05:00]} Nd5 {[%clk 00:39:26]} {[%emt 00:03:03]} 17. Bd3 {[%clk 01:00:19]}
{[%emt 00:02:03]} Nf8 {[%clk 00:34:46]} {[%emt 00:05:09]} 18. Qh5 {[%clk
00:55:47]} {[%emt 00:05:02]} g6 {[%clk 00:30:58]} {[%emt 00:04:18]} 19. Qf3
{[%clk 00:55:22]} {[%emt 00:00:56]} Bf6 {[%clk 00:28:15]} {[%emt 00:03:13]} 20.
Bh6 {[%clk 00:51:57]} {[%emt 00:03:55]} Nd7 {[%clk 00:24:52]} {[%emt 00:03:54]}
21. Re1 {[%clk 00:48:47]} {[%emt 00:03:38]} Nxe5 {[%clk 00:17:07]} {[%emt
00:08:15]} 22. dxe5 {[%clk 00:47:50]} {[%emt 00:01:27]} Bg5 {[%clk 00:16:49]}
{[%emt 00:00:49]} 23. Bxg5 {[%clk 00:47:22]} {[%emt 00:00:57]} Qxg5 {[%clk
00:17:15]} {[%emt 00:00:06]} 24. Re4 {[%clk 00:47:36]} {[%emt 00:00:14]} h5
{[%clk 00:16:41]} {[%emt 00:01:05]} 25. h4 {[%clk 00:46:34]} {[%emt 00:01:30]}
Qh6 {[%clk 00:12:42]} {[%emt 00:04:31]} 26. g4 {[%clk 00:42:56]} {[%emt
00:04:07]} hxg4 {[%clk 00:11:18]} {[%emt 00:01:54]} 27. Rxg4 {[%clk 00:43:20]}
{[%emt 00:00:06]} Rad8 {[%clk 00:10:19]} {[%emt 00:01:29]} 28. Be4 {[%clk
00:19:31]} {[%emt 00:24:20]} Ne7 {[%clk 00:06:22]} {[%emt 00:04:26]} 29. Kg2
{[%clk 00:19:25]} {[%emt 00:00:35]} Qh5 {[%clk 00:05:08]} {[%emt 00:01:45]} 30.
Qf4 {[%clk 00:18:41]} {[%emt 00:01:15]} Nf5 {[%clk 00:03:28]} {[%emt 00:02:11]}
31. Rh1 {[%clk 00:18:39]} {[%emt 00:00:31]} Rd2 {[%clk 00:01:50]} {[%emt
00:02:09]} 32. Rg5 {[%clk 00:16:23]} {[%emt 00:02:45]} Qe2 {[%clk 00:02:06]}
{[%emt 00:00:13]} 33. Bxf5 {[%clk 00:12:17]} {[%emt 00:04:37]} exf5 {[%clk
00:02:18]} {[%emt 00:00:18]} 34. h5 {[%clk 00:12:42]} {[%emt 00:00:04]} Qe4+
{[%clk 00:01:38]} {[%emt 00:01:09]} 35. Qxe4 {[%clk 00:13:00]} {[%emt
00:00:13]} fxe4 {[%emt 00:00:10]} 36. hxg6 {[%clk 00:13:24]} {[%emt 00:00:05]}
fxg6 {[%clk 00:01:22]} {[%emt 00:01:09]} 37. Rxg6+ {[%clk 00:13:49]} {[%emt
00:00:05]} Kf7 {[%clk 00:01:47]} {[%emt 00:00:04]} 38. Rf6+ {[%clk 00:14:16]}
{[%emt 00:00:04]} Kg7 {[%clk 00:01:25]} {[%emt 00:00:53]} 39. Rhh6 {[%clk
00:08:46]} {[%emt 00:05:59]} 1/2-1/2

[Event "DVM U20 2023"]
[Site "Magdeburg GER"]
[Date "2023.12.29"]
[Round "5"]
[White "Astner, Sebastian"]
[Black "Boissel, Kasimir"]
[Result "1/2-1/2"]
[Termination "normal"]
[Board "3.3"]
[WhiteElo "1881"]
[BlackElo "1819"]
[WhiteClock "00:53:57"]
[BlackClock "00:43:22"]
[WhiteTeam "FC Ergolding 1932"]
[BlackTeam "SV Königsjäger Süd-West"]
[PlyCount "51"]
[WhiteFideId "12979422"]
[BlackFideId "16298209"]
[EventCountry "GER"]
[EventRounds "7"]
[EventType "team-swiss"]
[EventDate "2023.12.26"]

1. d4 {[%clk 01:30:56]} {[%emt 00:00:05]} d5 {[%clk 01:30:06]} {[%emt
00:00:53]} 2. Nc3 {[%clk 01:31:17]} {[%emt 00:00:10]} Bf5 {[%clk 01:29:43]}
{[%emt 00:00:52]} 3. Bf4 {[%clk 01:31:31]} {[%emt 00:00:16]} e6 {[%clk
01:29:57]} {[%emt 00:00:16]} 4. e3 {[%clk 01:31:22]} {[%emt 00:00:38]} a6
{[%clk 01:29:58]} {[%emt 00:00:30]} 5. g4 {[%clk 01:31:21]} {[%emt 00:00:31]}
Bg6 {[%clk 01:30:04]} {[%emt 00:00:24]} 6. h4 {[%clk 01:31:44]} {[%emt
00:00:07]} h6 {[%clk 01:29:19]} {[%emt 00:01:15]} 7. Bd3 {[%clk 01:27:26]}
{[%emt 00:04:48]} Bxd3 {[%clk 01:29:15]} {[%emt 00:00:35]} 8. Qxd3 {[%clk
01:27:50]} {[%emt 00:00:07]} c5 {[%clk 01:26:45]} {[%emt 00:02:58]} 9. Nge2
{[%clk 01:26:42]} {[%emt 00:01:39]} Nc6 {[%clk 01:25:40]} {[%emt 00:01:34]} 10.
O-O-O {[%clk 01:22:05]} {[%emt 00:05:08]} c4 {[%clk 01:22:24]} {[%emt
00:03:47]} 11. Qd2 {[%clk 01:21:46]} {[%emt 00:00:47]} Bb4 {[%clk 01:21:21]}
{[%emt 00:01:33]} 12. e4 {[%clk 01:20:04]} {[%emt 00:02:12]} Nge7 {[%clk
01:18:18]} {[%emt 00:03:33]} 13. Qe3 {[%clk 01:18:28]} {[%emt 00:02:06]} b5
{[%clk 01:10:41]} {[%emt 00:08:09]} 14. exd5 {[%clk 01:14:17]} {[%emt
00:04:40]} Nxd5 {[%clk 01:10:57]} {[%emt 00:00:14]} 15. Nxd5 {[%clk 01:14:24]}
{[%emt 00:00:23]} Qxd5 {[%clk 01:11:17]} {[%emt 00:00:09]} 16. g5 {[%clk
01:12:16]} {[%emt 00:02:38]} Ne7 {[%clk 00:58:36]} {[%emt 00:13:12]} 17. gxh6
{[%clk 01:05:48]} {[%emt 00:06:57]} gxh6 {[%clk 00:57:28]} {[%emt 00:01:39]}
18. Be5 {[%clk 01:02:56]} {[%emt 00:03:22]} Nf5 {[%clk 00:52:43]} {[%emt
00:05:15]} 19. Nf4 {[%clk 01:00:30]} {[%emt 00:02:55]} Qxh1 {[%clk 00:50:52]}
{[%emt 00:02:22]} 20. Rxh1 {[%clk 01:00:29]} {[%emt 00:00:32]} Nxe3 {[%clk
00:51:17]} {[%emt 00:00:05]} 21. Bxh8 {[%clk 01:00:50]} {[%emt 00:00:09]} Nf5
{[%clk 00:51:08]} {[%emt 00:00:39]} 22. Rg1 {[%clk 00:58:12]} {[%emt 00:03:08]}
O-O-O {[%clk 00:48:57]} {[%emt 00:02:41]} 23. Bf6 {[%clk 00:58:24]} {[%emt
00:00:18]} Rd7 {[%clk 00:48:10]} {[%emt 00:01:16]} 24. Rg8+ {[%clk 00:56:50]}
{[%emt 00:02:03]} Kb7 {[%clk 00:48:21]} {[%emt 00:00:20]} 25. c3 {[%clk
00:56:01]} {[%emt 00:01:20]} Be7 {[%clk 00:43:22]} {[%emt 00:05:25]} 26. Bxe7
{[%clk 00:53:57]} {[%emt 00:02:35]} 1/2-1/2

[Event "DVM U20 2023"]
[Site "Magdeburg GER"]
[Date "2023.12.29"]
[Round "5"]
[White "Sandlers, Philipp"]
[Black "Helmbrecht, Paul"]
[Result "1-0"]
[Termination "normal"]
[Board "3.4"]
[WhiteElo "1795"]
[BlackElo "1712"]
[WhiteClock "00:36:40"]
[BlackClock "00:10:52"]
[WhiteTeam "SV Königsjäger Süd-West"]
[BlackTeam "FC Ergolding 1932"]
[PlyCount "117"]
[WhiteFideId "34606335"]
[BlackFideId "16270932"]
[EventCountry "GER"]
[EventRounds "7"]
[EventType "team-swiss"]
[EventDate "2023.12.26"]

1. d4 {[%clk 01:30:54]} {[%emt 00:00:05]} Nf6 {[%clk 01:30:52]} {[%emt
00:00:09]} 2. c4 {[%clk 01:31:15]} {[%emt 00:00:08]} c6 {[%clk 01:31:17]}
{[%emt 00:00:06]} 3. Nc3 {[%clk 01:30:15]} {[%emt 00:01:30]} d5 {[%clk
01:31:41]} {[%emt 00:00:06]} 4. cxd5 {[%clk 01:30:26]} {[%emt 00:00:18]} cxd5
{[%clk 01:32:04]} {[%emt 00:00:07]} 5. Bf4 {[%clk 01:29:33]} {[%emt 00:01:24]}
Nc6 {[%clk 01:31:47]} {[%emt 00:00:48]} 6. e3 {[%clk 01:29:49]} {[%emt
00:00:14]} a6 {[%clk 01:32:03]} {[%emt 00:00:14]} 7. Bd3 {[%clk 01:29:28]}
{[%emt 00:00:49]} g6 {[%clk 01:28:10]} {[%emt 00:04:25]} 8. h3 {[%clk
01:27:43]} {[%emt 00:02:14]} Bf5 {[%clk 01:27:10]} {[%emt 00:01:30]} 9. Nf3
{[%clk 01:25:07]} {[%emt 00:03:07]} h6 {[%clk 01:19:38]} {[%emt 00:08:03]} 10.
Ne5 {[%clk 01:20:41]} {[%emt 00:04:54]} Ne4 {[%clk 01:13:04]} {[%emt 00:07:05]}
11. Nxe4 {[%clk 01:18:21]} {[%emt 00:02:50]} Bxe4 {[%clk 01:08:39]} {[%emt
00:04:55]} 12. Nxc6 {[%clk 01:15:16]} {[%emt 00:03:34]} bxc6 {[%clk 01:09:03]}
{[%emt 00:00:07]} 13. Qa4 {[%clk 01:11:38]} {[%emt 00:04:06]} Qb6 {[%clk
01:06:20]} {[%emt 00:03:14]} 14. Bxe4 {[%clk 01:10:06]} {[%emt 00:02:03]} dxe4
{[%clk 01:06:43]} {[%emt 00:00:06]} 15. O-O {[%clk 01:09:07]} {[%emt 00:01:29]}
Bg7 {[%clk 01:05:15]} {[%emt 00:01:58]} 16. Rac1 {[%clk 01:06:08]} {[%emt
00:03:29]} O-O {[%clk 00:58:21]} {[%emt 00:07:25]} 17. Rxc6 {[%clk 01:03:25]}
{[%emt 00:03:11]} Qxb2 {[%clk 00:58:30]} {[%emt 00:00:22]} 18. Rxa6 {[%clk
01:02:28]} {[%emt 00:01:26]} Rac8 {[%clk 00:57:32]} {[%emt 00:01:29]} 19. Qb3
{[%clk 00:59:34]} {[%emt 00:03:25]} Qe2 {[%clk 00:57:55]} {[%emt 00:00:06]} 20.
Rxg6 {[%clk 00:57:26]} {[%emt 00:02:37]} Kh7 {[%clk 00:54:58]} {[%emt
00:03:27]} 21. Rb6 {[%clk 00:56:41]} {[%emt 00:01:15]} Rc2 {[%clk 00:54:58]}
{[%emt 00:00:31]} 22. Qd5 {[%clk 00:52:31]} {[%emt 00:04:38]} Rxa2 {[%clk
00:45:25]} {[%emt 00:10:05]} 23. Qxe4+ {[%clk 00:52:28]} {[%emt 00:00:32]} Kg8
{[%clk 00:45:47]} {[%emt 00:00:09]} 24. Bxh6 {[%clk 00:50:52]} {[%emt
00:02:06]} Rc8 {[%clk 00:45:19]} {[%emt 00:00:57]} 25. Qb1 {[%clk 00:47:01]}
{[%emt 00:04:21]} Rcc2 {[%clk 00:33:23]} {[%emt 00:12:26]} 26. Bf4 {[%clk
00:41:45]} {[%emt 00:05:45]} Bf6 {[%clk 00:27:36]} {[%emt 00:06:17]} 27. Qb5
{[%clk 00:35:47]} {[%emt 00:06:28]} Bh4 {[%clk 00:17:49]} {[%emt 00:10:19]} 28.
Rb8+ {[%clk 00:32:50]} {[%emt 00:03:25]} Kg7 {[%clk 00:17:06]} {[%emt
00:01:14]} 29. g3 {[%clk 00:29:06]} {[%emt 00:04:14]} Qxb5 {[%clk 00:15:39]}
{[%emt 00:01:56]} 30. Rxb5 {[%clk 00:29:22]} {[%emt 00:00:15]} Bf6 {[%clk
00:16:03]} {[%emt 00:00:05]} 31. Rb7 {[%clk 00:26:27]} {[%emt 00:03:25]} Kg6
{[%clk 00:15:41]} {[%emt 00:00:51]} 32. Rb5 {[%clk 00:25:59]} {[%emt 00:01:00]}
e6 {[%clk 00:14:56]} {[%emt 00:01:14]} 33. h4 {[%clk 00:25:47]} {[%emt
00:00:41]} Bd8 {[%clk 00:12:17]} {[%emt 00:03:09]} 34. h5+ {[%clk 00:25:00]}
{[%emt 00:01:17]} Kg7 {[%clk 00:10:33]} {[%emt 00:02:15]} 35. h6+ {[%clk
00:24:33]} {[%emt 00:00:57]} Kg6 {[%clk 00:10:49]} {[%emt 00:00:14]} 36. Kg2
{[%clk 00:23:44]} {[%emt 00:01:18]} Be7 {[%clk 00:07:00]} {[%emt 00:04:20]} 37.
Rb7 {[%clk 00:22:56]} {[%emt 00:01:18]} Bf8 {[%clk 00:05:41]} {[%emt 00:01:50]}
38. h7 {[%clk 00:22:28]} {[%emt 00:00:57]} Bg7 {[%clk 00:06:06]} {[%emt
00:00:06]} 39. g4 {[%clk 00:21:28]} {[%emt 00:01:28]} Rc8 {[%clk 00:04:26]}
{[%emt 00:02:11]} 40. Rh1 {[%clk 00:20:52]} {[%emt 00:01:06]} Rh8 {[%clk
00:04:00]} {[%emt 00:00:56]} 41. Rh5 {[%clk 00:16:33]} {[%emt 00:04:50]} f6
{[%clk 00:00:37]} {[%emt 00:03:54]} 42. Rb6 {[%clk 00:15:13]} {[%emt 00:01:48]}
Re8 {[%clk 00:30:04]} {[%emt 00:01:03]} 43. Rb7 {[%clk 00:44:03]} {[%emt
00:01:40]} Rh8 {[%clk 00:28:52]} {[%emt 00:01:44]} 44. e4 {[%clk 00:42:03]}
{[%emt 00:02:29]} Ra4 {[%clk 00:27:43]} {[%emt 00:01:40]} 45. Be3 {[%clk
00:41:36]} {[%emt 00:00:56]} Rxh7 {[%clk 00:22:59]} {[%emt 00:05:13]} 46. Rxh7
{[%clk 00:41:46]} {[%emt 00:00:21]} Kxh7 {[%clk 00:23:25]} {[%emt 00:00:05]}
47. Rb6 {[%clk 00:41:09]} {[%emt 00:01:05]} e5 {[%clk 00:22:21]} {[%emt
00:01:36]} 48. dxe5 {[%clk 00:41:01]} {[%emt 00:00:37]} Rxe4 {[%clk 00:22:35]}
{[%emt 00:00:16]} 49. exf6 {[%clk 00:41:00]} {[%emt 00:00:33]} Bf8 {[%clk
00:20:39]} {[%emt 00:02:21]} 50. Kf3 {[%clk 00:40:34]} {[%emt 00:00:58]} Re8
{[%clk 00:20:39]} {[%emt 00:00:24]} 51. g5 {[%clk 00:40:02]} {[%emt 00:01:10]}
Kg6 {[%clk 00:20:46]} {[%emt 00:00:22]} 52. Rb7 {[%clk 00:38:45]} {[%emt
00:01:46]} Ra8 {[%clk 00:19:30]} {[%emt 00:01:45]} 53. Kg4 {[%clk 00:38:31]}
{[%emt 00:00:46]} Ra5 {[%clk 00:12:59]} {[%emt 00:07:01]} 54. f4 {[%clk
00:37:51]} {[%emt 00:01:11]} Rd5 {[%clk 00:12:09]} {[%emt 00:01:21]} 55. Bd2
{[%clk 00:37:24]} {[%emt 00:00:55]} Rd4 {[%clk 00:11:03]} {[%emt 00:01:35]} 56.
Be3 {[%clk 00:36:37]} {[%emt 00:01:18]} Rc4 {[%clk 00:10:52]} {[%emt 00:00:42]}
57. Rd7 {[%clk 00:36:40]} {[%emt 00:00:27]} Rb4 {[%emt 00:05:07]} 58. Bc5
{[%emt 00:00:02]} Rb5 59. Bxf8 1-0